| 000 | 01054 a2200241 4500 | ||
|---|---|---|---|
| 003 | Nust | ||
| 005 | 20221007174143.0 | ||
| 010 | _a 2010048664 | ||
| 020 | _a9781849711098 (hardback) | ||
| 040 | _cNust | ||
| 082 | 0 | 0 | _a696,THO |
| 100 | 1 |
_aThorpe, Dave, _999520 |
|
| 245 | 1 | 4 |
_aThe Earthscan expert guide to using solar energy for heating, cooling, and electricity / _cDavid Thorpe. |
| 246 | 3 | _aExpert guide to using solar energy for heating, cooling, and electricity | |
| 250 | _a1st ed. | ||
| 260 |
_aLondon ; _aWashington, DC : _bEarthscan, _c2011. |
||
| 300 | _ap. cm. | ||
| 505 | 0 | _aIntroduction (Page-1), Passive Solar Building (Page-21), Solar Water Heating. (Page-63), Solar Space Heating. (Page-97), Other Solar Thermal Applications (Page-113). Grid-connected Photovoltaic’s (Page-125), Stand-alone Photovoltaic’s (Page-169), Concentrating Solar Power. (Page-185), Conclusion. (Page-203), Resources (Page-209). | |
| 650 | 0 |
_aSolar buildings. _999521 |
|
| 650 | 0 | _aSolar energy. | |
| 710 | 2 |
_aEarthscan. _925341 |
|
| 942 |
_cREF _2ddc |
||
| 999 |
_c189387 _d189387 |
||